Normal view
MARC view
- HODGES, D. A , JACKSON, H. G
Entry Personal Name
001 - CONTROL NUMBER
- control field: 65551
003 - CONTROL NUMBER IDENTIFIER
- control field: NUST
005 - DATE AND TIME OF LATEST TRANSACTION
- control field: 20210628203442.0
008 - FIXED-LENGTH DATA ELEMENTS
- fixed length control field: 210628|| aca||aabn | a|a d
040 ## - CATALOGING SOURCE
- Original cataloging agency: NUST
- Transcribing agency: NUST
100 ## - HEADING--PERSONAL NAME
- Personal name: HODGES, D. A , JACKSON, H. G
670 ## - SOURCE DATA FOUND
- Source citation: Work cat.: (NUST): HODGES, D. A , JACKSON, H. G, ANALYSIS AND DESIGN OF DIGITAL INTEGRATED CIRCUITS, 1983
